00269nam a2200109Ia 4500008004100000040001600041041001200057082001700069100001700086245002500103260003100128230917s9999||||xx |||||||||||||| ||und|| e62988aMAIN aEnglish a658.15 K952F aKuchhal, S C 0aFinancial management aAllahabadbChaitanyac1977